000 01274nam a22003257i 4500
003 EG-GICUC
005 20260121101451.0
008 251211s1971 ua ||||fr|||| 00| 0 ara d
040 _a EG-GICUC
_bara
_c EG-GICUC
_d EG-GICUC
_erda
041 _aara
082 0 4 _221
_a341.2
_bع ا . ق
092 0 4 _221
099 _aLaw1 11 341.2 ع ا . ق 1971
100 0 _aعائشة راتب
_eمؤلف.
245 1 0 _aقرار مجلس الامن الصادر في 22 نوفمبر 1967 /
_cعائشة راتب.
264 1 _aالقاهرة :
_bالمجلة المصرية للقانون الدولي،
_c1971.
300 _a18 صفحة ؛
_c24 سم.
336 _2rda content
_atext
337 _2rda media
_aComputer
338 _2rda carrier
_aOnline Resource
500 _aمستخرج من المجلة المصرية للقانون الدولي - العدد 27 - سنة 1971.
504 _aيحتوي على ارجاعات ببليوجرافية
546 _aالنص باللغة العربية
650 1 4 _aالمجتمع الدولى
_xالقانون الدولى العام
_2qrmak
650 1 4 _aمجلس الامن
651 1 _2qrmak
856 4 0 _uhttps://fll.law.cu.edu.eg/fulltext/bks/B11-05428.pdf
905 _a75
_eHassnaa
942 _2ddc
_cBK
_e21
_n0
999 _c49780
_d49780